000 01187naa a22003497a 4500
001 BR8103212
003 BR-BrBNA
005 20240918174740.0
007 ta
008 230509b bl.||||| |||| 00| 0 por d
040 _aBR-BrBNA
_bpor
_cBiblioteca Nacional de Agricultura
041 _a(Pt)
072 _aF00
_b1740
_bG514
090 _aF00 BR8103212
100 1 _aPurcino, J.R.C.
100 1 _aGarrido, M.A.T.
100 1 _aLima, C.A. de S.
100 1 _aPadua, J.G. de
245 1 _aEfeito de tres niveis de umidade do solo em producao e conservacao da cebola (Allium cepa L.)na regiao Norte de Minas Gerais [Brasil]
260 3 _aBelo Horizonte, MG (Brasil):
_c1981.
500 _aProjeto olericultura. Relatorio 77/78 Belo Horizonte, MG (Brasil): 1981. p. 221-223 (BR8103212-AM)F00
650 _aProducao vegetal
650 _aCebola
650 _aPratica cultural
650 _aUmidade do solo
650 _aConservacao
650 _aRegiao Norte
650 _aMinas Gerais
773 0 _tProjeto olericultura. Relatorio 77/78
_wF00 BR8103212
_gBelo Horizonte, MG (Brasil), 1981. p. 221-223
909 _a202404
_bLucia
_c55
_dLucia Elande
942 _cAM
_2AGRIS
999 _c313317
_d313317